| 000 | 00508nab a22001457 4500 | ||
|---|---|---|---|
| 003 | ES-SlBCS | ||
| 005 | 20210327224240.0 | ||
| 008 | 190822s2019 po ||||| |||| 00| 0 por d | ||
| 040 |
_aES-SlBCS _bspa |
||
| 041 | _apor | ||
| 100 | 1 |
_aCosta Gomes, Carlos _9115949 |
|
| 245 | 1 | 0 |
_aIn Memoriam: Cardeal Elio Sgreccia (1928-2019) Cultor da Bioética personalística de inspiraÇäco cristä _cCarlos Costa Gomes |
| 773 | 0 |
_gVol. 189, fasc. 1, 2019, págs. 131-135 _tBrotéria _wRev100 _x0870-7618 |
|
| 942 |
_2lcc _cAR |
||
| 999 |
_c480847 _d480847 |
||